[Event "20th Hampstead Congress: U2200"]
[Site "London, England"]
[Date "2014.07.19"]
[Round "3"]
[White "Haribalu, V."]
[Black "Hayward, Alan"]
[Result "1-0"]
[WhiteElo "2176"]
[BlackElo "1960"]

1. e4 d5 2. Nc3 d4 3. Nce2 e5 4. Ng3 Nc6 5. Bc4 Nf6 6. Nf3 Be7 7. a4 Be6 8.
Bb5 Bd6 9. Ng5 Bg4 10. f3 Bd7 11. Bc4 O-O 12. h4 h6 13. d3 hxg5 14. hxg5 Be6
15. Bxe6 fxe6 16. gxf6 Qxf6 17. Kf2 Kf7 18. Rh5 Rh8 19. Qh1 Rxh5 20. Qxh5+ g6
21. Qh7+ Qg7 22. Qxg7+ Kxg7 {(=)} 23. Bd2 Nb4 24. Bxb4 Bxb4 25. Ke2 Rh8 26.
Rh1 Rxh1 27. Nxh1 c6 28. Nf2 Bd6 {(=)} 29. Ng4 Kf7 30. Kd2 Ke7 31. c3 a5 32.
Kc2 b5 33. Kb3 Bc7 34. axb5 cxb5 35. c4 bxc4+ 36. Kxc4 Kd6 37. Kb5 Bd8 38. b3
Bc7 39. Nf6 Ke7 40. Ng4 Kd6 41. Nf2 Ke7 42. Kc6 Bb8 43. Nd1 Kf6 44. Nb2 g5 45.
Nc4 Ke7 46. Kb7 Bd6 47. Nxd6 Kxd6 48. Kb6 {#r} 1-0

[Event "20th Hampstead Congress: U2200"]
[Site "London, England"]
[Date "2014.07.19"]
[Round "3"]
[White "Farzaliyev, Kanan"]
[Black "Madynski, Pawel"]
[Result "1/2-1/2"]
[WhiteElo "1950"]
[BlackElo "2086"]

1. e4 d5 2. exd5 Qxd5 3. Nc3 Qd6 4. d4 Nf6 5. Bc4 a6 6. Nge2 b5 7. Bd3 Bb7 8.
Bf4 Qd7 9. f3 e6 10. O-O Nc6 11. Kh1 Be7 12. a4 b4 13. Ne4 O-O 14. Nxf6+ Bxf6
15. c3 Rfd8 16. Qc2 g6 17. Rad1 Qe7 18. Rfe1 Bh4 19. Bg3 Rd5 20. Be4 Rh5 21.
Bxh4 Qxh4 22. h3 f5 23. Bxc6 Bxc6 24. Ng1 bxc3 25. bxc3 Kf7 26. c4 Rd8 27. d5
exd5 28. cxd5 Bxa4 29. Qxc7+ Rd7 30. Qe5 Re7 31. Qxe7+ Qxe7 32. Rxe7+ Kxe7 33.
d6+ Kd7 34. Rd4 Bb5 35. f4 Bc6 36. Kh2 g5 37. fxg5 Rxg5 38. Nf3 Bxf3 39. gxf3
Rg6 40. Rd5 Rf6 41. f4 Rf7 42. Ra5 Kxd6 43. Rxa6+ Kd5 44. Kg3 Rg7+ 45. Kf3 Rb7
46. Ra5+ Ke6 47. Ra6+ Kd5 48. Ra5+ Ke6 49. Ra6+ {#d} 1/2-1/2

[Event "20th Hampstead Congress: U2200"]
[Site "London, England"]
[Date "2014.07.19"]
[Round "3"]
[White "Jyothilal, N."]
[Black "Davison, Christopher"]
[Result "0-1"]
[WhiteElo "2056"]
[BlackElo "1919"]

1. d4 Nf6 2. c4 Nc6 3. g3 e5 4. d5 Ne7 5. Bg2 d6 6. e4 Ng6 7. Ne2 Be7 8. Nbc3
c6 9. O-O h5 10. dxc6 bxc6 11. c5 h4 12. Qa4 hxg3 13. hxg3 Bd7 14. Bg5 Ng4 15.
Bxe7 Qxe7 16. Rad1 Qg5 17. Rfe1 Nf4 18. Nxf4 exf4 19. Rd3 Qxc5 20. Qd4 Qxd4
21. Rxd4 fxg3 22. f3 Nf2 23. Rxd6 Rh2 24. Re2 Ke7 25. Rxd7+ Kxd7 26. Rxf2
gxf2+ 27. Kxh2 Ke7 28. e5 Rd8 29. Ne4 Rd1 30. Nxf2 Rd2 31. Kg3 Rxb2 32. f4
Rxa2 33. Bxc6 a5 34. Ne4 a4 35. Kg4 a3 36. f5 Rg2+ 37. Kf4 a2 38. f6+ gxf6 39.
exf6+ Kd8 {#R} 0-1

[Event "20th Hampstead Congress: U2200"]
[Site "London, England"]
[Date "2014.07.19"]
[Round "3"]
[White "Krzyzanowski, Patryk"]
[Black "Seman, Myroslav"]
[Result "1-0"]
[WhiteElo "2006"]
[BlackElo "1800"]

1. d4 d5 2. c4 dxc4 3. Nf3 e6 4. e3 Nf6 5. Bxc4 c5 6. O-O Nc6 7. Nc3 Be7 8.
Qe2 O-O 9. Rd1 cxd4 10. exd4 Qc7 11. Bg5 Na5 12. Bd3 h6 13. Bh4 g5 14. Bg3 Qb6
15. h4 g4 16. Ne5 Kg7 17. Nxg4 Qxd4 18. Be5 Qb6 19. Nxf6 Qd8 20. Qg4+ Kh8 21.
Qe4 Bxf6 22. Qh7# 1-0

[Event "20th Hampstead Congress: U2200"]
[Site "London, England"]
[Date "2014.07.19"]
[Round "3"]
[White "Waterfield, John W"]
[Black "Huang, Dion"]
[Result "0-1"]
[WhiteElo "1975"]
[BlackElo "1759"]

1. e4 e5 2. f4 exf4 3. Nf3 d6 4. Nc3 Nf6 5. d4 Be7 6. Bxf4 Nc6 7. d5 Nb8 8.
Bb5+ Bd7 9. Qd3 a6 10. Bxd7+ Nbxd7 11. O-O O-O 12. Rad1 Re8 13. e5 dxe5 14.
Be3 e4 {#R} 0-1

[Event "20th Hampstead Congress: U2200"]
[Site "London, England"]
[Date "2014.07.19"]
[Round "3"]
[White "Finnegan, Oliver"]
[Black "Kennedy, Craig"]
[Result "1/2-1/2"]
[WhiteElo "1766"]
[BlackElo "1919"]

1. d4 e6 2. c4 f5 3. Nf3 Nf6 4. Bg5 b6 5. a3 Bb7 6. Nc3 Be7 7. g3 Ne4 8. Bxe7
Qxe7 9. Rc1 O-O 10. Bg2 d6 11. O-O Nd7 12. b4 Ndf6 13. Qb3 Rab8 14. Qa2 c5 15.
dxc5 dxc5 16. b5 Nxc3 17. Rxc3 e5 18. Qb2 e4 19. Nd2 Ng4 20. h3 Ne5 21. Rcc1
Rbd8 22. f4 exf3 23. Nxf3 Ng6 24. Qc3 Qxe2 25. Rfe1 Qd3 26. Ng5 Bxg2 27. Kxg2
Qxc3 28. Rxc3 Rd2+ 29. Kf3 h6 30. Ne6 Re8 31. Rce3 Nf8 32. Nf4 Rxe3+ 33. Rxe3
Kf7 34. Nd5 Ng6 35. h4 h5 36. Nc7 Rd4 37. Ne6 Rxc4 38. Ng5+ Kf8 39. Ne6+ Kg8
40. Ng5 Ra4 41. Re8+ Nf8 42. Rc8 Rxa3+ 43. Kf4 g6 44. Ne6 Kf7 45. Nxf8 Rb3 46.
Nh7 Rxb5 47. Rc7+ Ke6 48. Rxa7 Rb4+ 49. Ke3 c4 50. Kd4 b5 51. Ng5+ Kd6 52.
Ra6+ Kc7 53. Rxg6 Rb3 54. Ne6+ Kb8 55. Nc5 Rb1 56. Rf6 Rg1 57. Rxf5 Rxg3 58.
Rxh5 c3 59. Nd3 c2 60. Rxb5+ Ka7 61. Rc5 Rg4+ {#d} 1/2-1/2

[Event "20th Hampstead Congress: U2200"]
[Site "London, England"]
[Date "2014.07.19"]
[Round "3"]
[White "Anilkumar, Anantha P"]
[Black "Richards, John"]
[Result "1-0"]
[WhiteElo "1746"]
[BlackElo "1809"]

1. e4 e6 2. d4 d5 3. e5 c5 4. c3 Nc6 5. Nf3 Qb6 6. Be2 Nh6 7. Bxh6 Qxb2 8. Be3
Qxa1 9. Qc2 cxd4 10. Nxd4 Ba3 11. Nb5 Bb2 12. O-O O-O 13. Qb3 d4 14. Bxd4 Nxd4
15. Nxd4 a5 16. Nc2 a4 17. Qc4 b5 18. Qe4 Bb7 19. Qxb7 Qxa2 20. Nb4 Qb3 21.
Qxb5 a3 22. Bd1 Qxd1 23. Rxd1 Rfb8 24. Qc6 Rc8 25. Qf3 a2 26. Nxa2 Rxa2 27.
Qb7 Rca8 28. Rd2 h5 29. Rxb2 Rd8 30. h3 Rd1+ 31. Kh2 Ra1 32. Qe4 g6 33. Qc2
Rd5 34. Ra2 Rxa2 35. Qxa2 Rxe5 36. c4 Kh7 37. Qb2 Rf5 38. Qb6 g5 39. c5 Rxf2
40. c6 Rc2 41. c7 {#r} 1-0

[Event "20th Hampstead Congress: U2200"]
[Site "London, England"]
[Date "2014.07.19"]
[Round "3"]
[White "Bamber, Elaine"]
[Black "Bin-Suhayl, Yousuf"]
[Result "1-0"]
[WhiteElo "2085"]
[BlackElo "1732"]

1. e4 e6 2. d4 d5 3. Nd2 Nf6 4. e5 Nfd7 5. c3 c5 6. Bd3 Nc6 7. Ne2 f6 8. Nf4
Qe7 9. Qh5+ Qf7 10. Bg6 hxg6 11. Qxh8 fxe5 12. Nh3 exd4 13. O-O Nf6 {(=)} 14.
Ng5 Qg8 15. Qxg8 Nxg8 16. Re1 e5 17. cxd4 cxd4 18. a3 Nf6 19. Ngf3 Bd6 20.
Nxe5 Bxe5 21. f4 Bf5 22. fxe5 Ne4 23. h3 Nxd2 24. Bxd2 Be4 25. Bf4 Kd7 26.
Rad1 d3 27. Rf1 Rf8 28. b3 Ke6 29. Be3 Re8 30. Bc5 Na5 31. Bxa7 Nxb3 32. Rb1
Nd2 33. Rb6+ Kxe5 34. Rd1 Nc4 35. Rxb7 d2 36. Rc7 Bc2 37. Rxd2 Nxd2 38. Rxc2
Ne4 39. Rc7 Nd6 40. Rxg7 Re6 41. Kf2 Nc4 42. Bc5 Ra6 43. Re7+ Kf6 44. Re1 Ra4
45. Kf3 Ne5+ 46. Kg3 Nd3 47. Be7+ Kf5 48. Re3 Ne5 49. Kf2 d4 50. Rb3 Ke4 51.
Ke1 Nd3+ 52. Kd2 Nf4 53. Rg3 Ra7 54. Bc5 Rb7 55. Bb4 Rb6 56. Rg4 Ke5 57. Kd1
Nd3 58. Ke2 Nxb4 59. axb4 Rxb4 60. Rxg6 Rb3 61. h4 Ke4 62. Rg4+ Kf5 63. Rxd4
Kg6 64. g4 Rh3 65. Rd6+ Kh7 66. h5 Rg3 67. Rg6 Ra3 68. Kf2 Rb3 69. Rf6 Rc3 70.
Rf3 Rc1 71. Kg3 Kh6 72. Rf6+ Kg7 73. Rg6+ Kh7 74. Kh4 Rc5 75. Rg5 Rc8 76. Ra5
Rg8 77. Ra7+ Kh8 78. h6 Rc8 79. Kh5 Rb8 80. g5 Rc8 81. Re7 Rg8 82. Rf7 Ra8 83.
Kg6 Rg8+ 84. Kf6 Ra8 85. Re7 Rf8+ 86. Ke6 Rg8 87. Kf6 Rf8+ 88. Rf7 Ra8 89. Rd7
Rf8+ 90. Ke7 Rf1 91. g6 Re1+ 92. Kf8 Rf1+ 93. Rf7 Rf6 94. g7+ Kh7 95. g8=Q+
Kxh6 96. Rxf6+ Kh5 97. Rf1 Kh6 98. Rh1# 1-0

[Event "20th Hampstead Congress: U2200"]
[Site "London, England"]
[Date "2014.07.19"]
[Round "3"]
[White "Harrington, James"]
[Black "Atako, Chino"]
[Result "0-1"]
[WhiteElo "1725"]
[BlackElo "2042"]

1. c4 f5 2. Nc3 Nf6 3. g3 g6 4. Bg2 Bg7 5. e4 fxe4 6. Nxe4 Nxe4 7. Bxe4 c5 8.
h4 e6 9. h5 d5 10. Bc2 Qf6 11. hxg6 h6 12. d4 O-O 13. Rh2 cxd4 14. Qh5 dxc4
15. Bxh6 d3 16. Bf4 Rd8 17. Be3 dxc2 18. Qh7+ Kf8 19. Bc5+ Ke8 20. Qg8+ Kd7
21. Qxg7+ Qxg7 22. Rh7 Qxh7 {#R} 0-1

[Event "20th Hampstead Congress: U2200"]
[Site "London, England"]
[Date "2014.07.19"]
[Round "3"]
[White "Wen, Jackson"]
[Black "Tin, Sergey"]
[Result "0-1"]
[WhiteElo "1718"]
[BlackElo "1983"]

1. e4 e5 2. Nc3 Nf6 3. f4 d5 4. fxe5 Nxe4 5. d3 Nxc3 6. bxc3 d4 7. Nf3 Bc5 8.
Be2 O-O 9. O-O dxc3+ 10. d4 Bb6 11. Kh1 Be6 12. Qd3 c5 13. Ng5 g6 14. Ne4 Qxd4
15. Nf6+ Kh8 16. Qg3 Nd7 17. Bg5 Bd8 18. Rad1 Qxe5 19. Bf4 Qxe2 20. Rfe1 Qxe1+
21. Rxe1 Bxf6 22. Qf3 b6 23. Rd1 Bg7 24. h4 h5 25. Bg3 Bg4 26. Qd3 Bxd1 27.
Qxd1 Ne5 28. Qd5 Rad8 29. Qe4 Rd1+ 30. Be1 Ng4 31. Qe2 Rfd8 32. Kg1 Bd4+ 33.
Kh1 Bf2 {#R} 0-1

[Event "20th Hampstead Congress: U2200"]
[Site "London, England"]
[Date "2014.07.19"]
[Round "3"]
[White "Miu, Marinel"]
[Black "Landau, Jonathan"]
[Result "1-0"]
[WhiteElo "1714"]
[BlackElo "1945"]

1. c4 e5 2. Nc3 Nc6 3. g3 f5 4. d3 Nf6 5. Bg5 Bb4 6. a3 Bxc3+ 7. bxc3 h6 8.
Bd2 d6 9. Bg2 O-O 10. Nf3 e4 11. dxe4 fxe4 12. Nd4 Ne5 13. Qb3 c5 14. Nc2 Be6
15. Ne3 b5 16. Qxb5 Rb8 17. Qa4 Rb2 18. Bc1 Rb7 19. O-O Qe7 20. Ra2 Rfb8 21.
Rd2 Rb3 22. Nd5 Bxd5 23. cxd5 Rxc3 24. Rb2 Qc7 25. Rxb8+ Qxb8 26. Bf4 Ng6 27.
Bd2 Rb3 28. Bb4 Rb2 29. Bc3 Rxe2 30. Bxf6 gxf6 31. Bxe4 Nf8 32. Rb1 Rb2 33.
Re1 Rb7 34. Bf5 Rg7 35. Re8 Qc7 36. Be6+ Rf7 37. Qg4+ Kh7 38. Qf5+ Kg7 39.
Bxf7 Qxf7 40. Rd8 Qe7 41. Rc8 Qb7 42. Rc6 Qe7 43. Qf4 Ng6 44. Qd2 Ne5 45. Qa5
Nxc6 46. dxc6 Qe4 47. Qc7+ Kg6 48. Qxd6 Qe1+ 49. Kg2 Qe4+ 50. Kf1 Qc4+ 51. Ke1
Qc1+ 52. Ke2 Qc2+ 53. Kf3 Qf5+ 54. Qf4 Qd3+ 55. Qe3 Qf5+ 56. Kg2 Qd5+ 57. Qf3
Qe5 58. Qd3+ f5 59. f4 Qb2+ 60. Kh3 Qa1 61. c7 Qh8 62. Qd6+ Kh5 63. Qxc5 Qc8
64. g4+ Kg6 65. Qxf5+ {#r} 1-0

[Event "20th Hampstead Congress: U2200"]
[Site "London, England"]
[Date "2014.07.19"]
[Round "3"]
[White "Jarek, Katherine"]
[Black "Rubeck, Jonathan"]
[Result "0-1"]
[WhiteElo "1931"]
[BlackElo "1675"]

1. c4 Nf6 2. d4 c5 3. d5 b5 4. cxb5 a6 5. b6 Qxb6 6. Nc3 d6 7. e4 g6 8. a4 a5
9. Bb5+ Nbd7 10. Nf3 Bg7 11. Nd2 O-O 12. Nc4 Qc7 13. O-O Nb6 14. Bc6 Nxc4 15.
Bxa8 Bg4 16. f3 Bd7 17. Bc6 Bxc6 18. dxc6 Qxc6 19. Rb1 Nd7 20. Nb5 Rb8 21. b3
Ncb6 22. Bb2 Bxb2 23. Rxb2 c4 24. bxc4 Qxc4 25. Qd4 Qxa4 26. Qf2 Rc8 27. Na7
Rc5 28. Rfb1 Qa3 29. h3 Nc4 30. Rb7 Nce5 31. f4 Nd3 32. Qd4 e5 33. fxe5 N7xe5
34. Nb5 Qa2 35. Nc3 Qd2 36. Rb8+ Kg7 37. Qxd6 Nf3+ {#R} 0-1

[Event "20th Hampstead Congress: U2200"]
[Site "London, England"]
[Date "2014.07.19"]
[Round "3"]
[White "Barasi, Paul"]
[Black "Ivanov, Elizabeth"]
[Result "1-0"]
[WhiteElo "1867"]
[BlackElo "1602"]

1. d4 d5 2. Bg5 Nf6 3. Bxf6 exf6 4. e3 Bd6 5. c4 dxc4 6. Bxc4 c6 7. Nc3 Bf5 8.
Nge2 Nd7 9. Qb3 O-O 10. Qxb7 Nb6 11. Bb3 Qe8 12. Qa6 Be4 13. Nxe4 Qxe4 14. O-O
f5 15. Rac1 Qh4 16. g3 Qg5 17. Rxc6 Rfd8 18. a4 h5 19. a5 Nc8 20. Qb7 Ne7 21.
Rxd6 Rdb8 22. Qf3 h4 23. Nf4 hxg3 24. hxg3 Nc8 25. Rd7 Ne7 26. Nd5 Re8 27.
Nxe7+ {#r} 1-0

[Event "20th Hampstead Congress: U2200"]
[Site "London, England"]
[Date "2014.07.19"]
[Round "3"]
[White "Samadov, Samir"]
[Black "Millward, David J"]
[Result "0-1"]
[WhiteElo "1648"]
[BlackElo "1859"]

1. e4 d5 2. exd5 Qxd5 3. Nc3 Qd6 4. Nf3 Nf6 5. d4 Bg4 6. Be3 c6 7. Bc4 e6 8.
h3 Bxf3 9. Qxf3 Nbd7 10. O-O Nb6 11. Bb3 Be7 12. Rad1 O-O 13. Ne4 Nxe4 14.
Qxe4 Nd5 15. Bxd5 exd5 16. Qg4 Rae8 17. Rd3 f5 18. Qf4 Qd7 19. Qh2 Bd6 20. Bf4
Bxf4 21. Qxf4 Re4 22. Qd2 Rfe8 23. Qg5 {(=)} Re2 24. Rd2 h6 25. Qf4 g5 26. Qg3
Rxd2 27. f4 Ree2 28. fxg5 Rxg2+ 29. Qxg2 Rxg2+ 30. Kxg2 hxg5 31. Rf3 Qe6 32.
Kf2 Qe4 33. Rd3 {(=) (!!)} Qh4+ 34. Kg2 Qe1 35. Rb3 f4 36. Rxb7 Qg3+ 37. Kf1
f3 38. Re7 Qxh3+ 39. Ke1 Qh1+ 40. Kd2 f2 41. Re8+ Kf7 42. Re2 f1=Q 43. c4 Qd1+
44. Kc3 Qxe2 45. c5 Qc4+ 46. Kd2 Qhc1# 0-1

[Event "20th Hampstead Congress: U2200"]
[Site "London, England"]
[Date "2014.07.19"]
[Round "3"]
[White "Ramaiya, Arushi"]
[Black "Lees, Fraser"]
[Result "0-1"]
[WhiteElo "1525"]
[BlackElo "1782"]

1. e4 b6 2. d4 Bb7 3. Nc3 e6 4. Nf3 g6 5. Be2 Bg7 6. O-O Ne7 7. Bf4 O-O 8. Qd2
f5 9. e5 a6 10. Bh6 Nd5 11. Bxg7 Kxg7 12. Qg5 Qxg5 13. Nxg5 Nxc3 14. bxc3 h6
15. Nf3 Nc6 16. Rab1 g5 17. Nd2 Ne7 18. c4 Ng6 19. g3 Bc6 20. c3 {(=)} Rf7 21.
Nb3 Raf8 22. f3 f4 23. g4 Rh8 24. c5 b5 25. c4 h5 26. h3 hxg4 27. hxg4 Rh3 28.
cxb5 axb5 29. Na5 Rf8 30. Nxc6 dxc6 31. Kg2 Rfh8 32. Rh1 Rxh1 33. Rxh1 Nh4+
34. Kf2 Ra8 35. Ra1 Ra3 36. Bd1 Rd3 37. Bb3 Rxf3+ 38. Ke2 Re3+ 39. Kd2 Nf3+
40. Kc2 Nxd4+ 41. Kb2 Nxb3 42. axb3 Rxe5 43. b4 Re2+ 44. Kc3 f3 45. Kd3 e5 46.
Rf1 e4+ 47. Kd4 f2 48. Kc3 e3 49. Rd1 Re1 50. Rd7+ Kf8 51. Rd8+ Ke7 52. Rd3
f1=Q 53. Kd4 Qf4+ 54. Kc3 Qc4+ 55. Kb2 Qxd3 56. Ka2 Re2+ 57. Ka1 Qd1# 0-1

[Event "20th Hampstead Congress: U2200"]
[Site "London, England"]
[Date "2014.07.19"]
[Round "3"]
[White "Olutola, Taiwo"]
[Black "Ramaiya, Anshu"]
[Result "1/2-1/2"]
[WhiteElo "1538"]
[BlackElo "1775"]

1. Nf3 Nf6 2. d4 b6 3. c4 Bb7 4. e3 g6 5. Nc3 Bg7 6. Be2 O-O 7. O-O c5 8. dxc5
bxc5 9. Qc2 d6 10. Rb1 Nc6 11. a3 a5 12. Rd1 Qc7 13. b3 Nd7 14. Bb2 Nce5 15.
Nd5 Qd8 16. Qe4 Rb8 17. Qh4 Bxd5 18. cxd5 Rxb3 19. Bxe5 Rxb1 20. Rxb1 Nxe5 21.
Nxe5 Bxe5 22. Rb7 Bf6 23. Qa4 Qa8 24. Qb5 Rc8 25. Bc4 Kf8 26. Be2 h5 27. Bc4
Kg7 28. f4 Kf8 29. Rb6 Bc3 30. Qb3 Bf6 31. Ra6 Qb8 32. Rb6 Qc7 33. Rb7 Qd8 34.
Bb5 Rb8 35. Bc6 Rxb7 36. Qxb7 c4 37. Kf2 c3 38. Ke2 Kg8 39. Kd3 Kg7 40. h3 g5
{#d} 1/2-1/2

[Event "20th Hampstead Congress: U2200"]
[Site "London, England"]
[Date "2014.07.19"]
[Round "3"]
[White "Bin-Suhayl, Ieysaa"]
[Black "Gelain-Sohn, Emmanuelle"]
[Result "1-0"]
[WhiteElo "1739"]
[BlackElo "1330"]

1. d4 d5 2. c4 c6 3. e3 Nf6 4. Bd3 Be6 5. c5 b6 6. cxb6 axb6 7. Nc3 Qd7 8. Nf3
Bf5 9. Ne5 Qe6 10. Na4 Nfd7 11. Qc2 Bxd3 12. Nxd3 Qg6 13. O-O e6 14. Qb3 b5
15. Nac5 Bd6 16. Nb7 Bc7 17. Ndc5 Nxc5 18. Nxc5 O-O 19. Bd2 Qh6 20. h3 e5 21.
dxe5 Bxe5 22. Bc3 Bxc3 23. Qxc3 f5 24. a3 Qf6 25. Rac1 Qxc3 26. Rxc3 f4 27.
Ne6 Rf6 28. Nxf4 g6 29. Nd3 Nd7 30. Rfc1 Rc8 31. Nb4 Ne5 32. Nxd5 Re6 33. Nb4
Nc4 34. b3 Ne5 35. f4 Nf7 36. Nxc6 g5 37. Ne7+ Rxe7 38. Rxc8+ Kg7 39. R1c3
gxf4 40. exf4 Re2 41. Rb8 Nd6 42. Rc7+ Kh6 43. Rb6 Re6 44. Rcc6 Kg6 45. Rxd6
Rxd6 46. Rxd6+ Kf5 47. Rd4 Kg6 48. g4 h5 49. Rd6+ Kf7 50. g5 h4 51. f5 b4 52.
a4 Kg7 53. Kg2 Kh7 54. Kf3 Kg7 55. Kg4 Kh7 56. Kh5 Kg7 57. f6+ Kf7 58. g6+ Kf8
59. Rd2 Ke8 60. a5 Kf8 61. Rd8# 1-0

[Event "20th Hampstead Congress: U2200"]
[Site "London, England"]
[Date "2014.07.19"]
[Round "3"]
[White "Frith, Shane S"]
[Black "Shaw, Matthew H"]
[Result "1/2-1/2"]
[WhiteElo "1526"]
[BlackElo "1918"]

1. d4 Nf6 2. c4 g6 3. Nc3 Bg7 4. e4 d6 5. Nf3 O-O 6. Be2 e5 7. O-O Nc6 8. d5
Ne7 9. Ne1 Ne8 10. Be3 f5 11. f3 Nf6 12. Rc1 b6 13. b4 a5 14. a3 axb4 15. axb4
Nh5 16. Nd3 fxe4 17. fxe4 Rxf1+ 18. Qxf1 Nf6 19. Qd1 Bd7 20. c5 bxc5 21. bxc5
Qf8 22. Qd2 Ng4 23. Rf1 Qd8 24. Bg5 h6 25. Bxg4 hxg5 26. Bxd7 Qxd7 27. Qxg5
Ra3 28. Qd2 Qg4 29. cxd6 cxd6 30. Nb5 Ra6 31. Qe3 Kh7 32. Nc7 Ra2 33. Qf3 Qxf3
34. Rxf3 Kg8 35. Rf2 Ra4 36. Rf1 Ra2 37. Ne8 Nc8 38. Nxg7 Kxg7 39. Rc1 Ne7 40.
Rc7 Kf6 41. Rd7 Ra6 42. Nb4 Rb6 43. Nc6 Nxc6 44. Rxd6+ Kg5 45. Rxc6 Rb4 46.
Kf2 Rxe4 47. g3 Rd4 48. Rc5 {#d} 1/2-1/2

[Event "20th Hampstead Congress: U2200"]
[Site "London, England"]
[Date "2014.07.19"]
[Round "3"]
[White "Pattni, Kishan"]
[Black "Sellen, John"]
[Result "1-0"]
[WhiteElo "1713"]
[BlackElo "1597"]

1. f4 e5 2. fxe5 d6 3. exd6 Bxd6 4. Nf3 g5 5. d3 g4 6. Ng5 Be7 7. Ne4 f5 8.
Nec3 Be6 9. Bf4 Bd6 10. Qd2 Bxf4 11. Qxf4 Nf6 12. Nd2 Nc6 13. e4 Qd7 14. O-O-O
O-O-O 15. Nb3 Nh5 16. Qg5 Qf7 17. g3 h6 18. Qe3 fxe4 19. Nxe4 Nf6 20. Bg2 Bxb3
21. axb3 Nxe4 22. Bxe4 Nd4 23. Rhf1 Qe8 24. Rf4 h5 25. Qf2 Kb8 26. Bxb7 Kxb7
27. Rxd4 Rf8 28. Rb4+ Ka8 29. Qg2+ c6 30. Re4 Qd7 31. Rde1 Qd5 32. Qg1 Qa5 33.
Ra4 Qc7 34. Kd2 Rd7 35. Rea1 {#r} 1-0

[Event "20th Hampstead Congress: U2200"]
[Site "London, England"]
[Date "2014.07.19"]
[Round "3"]
[White "Gladstone, Joel"]
[Black "Gribben, Chris"]
[Result "0-1"]
[WhiteElo "1450"]
[BlackElo "1636"]

1. e4 e6 2. Nc3 d5 3. exd5 exd5 4. Bb5+ c6 5. Ba4 Nf6 6. Qe2+ Be6 7. d4 Bb4 8.
Nf3 Bxc3+ 9. bxc3 Qa5 10. Bxc6+ Nxc6 11. Bd2 Ne4 12. O-O Nxd2 13. Qxd2 h6 14.
Rab1 Qc7 15. Rfe1 O-O 16. h3 b6 17. Re3 Na5 18. Ne5 Nc4 19. Nxc4 dxc4 20. Rg3
Kh7 21. Rb5 f5 22. d5 Bd7 23. d6 Qd8 24. Re5 Re8 25. f4 Rxe5 26. fxe5 Be6 27.
Qd4 Qd7 28. Kh2 Rc8 29. Qh4 Rc5 30. Qf4 Ra5 31. h4 Rxa2 32. h5 a5 33. Qh4 {#R}
0-1

[Event "20th Hampstead Congress: U2200"]
[Site "London, England"]
[Date "2014.07.19"]
[Round "3"]
[White "Mandnikar, Atreya"]
[Black "Anilkumar, Anantha PP (snr"]
[Result "1-0"]
[WhiteElo "1561"]
[BlackElo "1360"]

1. e4 c5 2. c3 d5 3. exd5 Qxd5 4. d4 Nc6 5. Nf3 Bg4 6. dxc5 Qxd1+ 7. Kxd1 e5
8. b4 e4 9. h3 Bxf3+ 10. gxf3 exf3 11. Bf4 Nf6 12. Bd3 Rd8 13. Kc2 g6 14. Re1+
Be7 15. b5 Nb8 16. Bd6 Ng8 17. Nd2 Kf8 18. Bxe7+ Nxe7 19. Nxf3 Rd5 20. b6 axb6
21. cxb6 Rd6 22. Rab1 Nbc6 23. c4 Kg7 24. Kc3 Rhd8 25. Bc2 Rf6 26. Be4 Rf4 27.
Re2 f5 28. Bxc6 Nxc6 29. Ng5 Kh6 30. Nf7+ Kg7 31. Nxd8 Nxd8 32. Rd1 Nc6 33.
Rd7+ Kh6 34. Rxb7 Rf3+ 35. Kb2 Rf4 36. Rc7 Rxc4 37. b7 Rb4+ 38. Kc3 Rb6 39.
Re8 Kg5 40. Rxc6 Rxb7 41. Rc4 f4 42. Rf8 Kh4 43. Rfxf4+ Kxh3 44. Rg4 Kh2 45.
Rg3 {#r} 1-0

[Event "20th Hampstead Congress: U2200"]
[Site "London, England"]
[Date "2014.07.19"]
[Round "3"]
[White "Gelain-Sohn, Elias"]
[Black "Levy, Chris"]
[Result "0-1"]
[WhiteElo "1320"]
[BlackElo "1780"]

1. e4 c5 2. Nc3 Nc6 3. f4 e6 4. Nf3 d5 5. Bb5 Nf6 6. d3 Be7 7. O-O O-O 8. Bd2
Qc7 9. Bxc6 Qxc6 10. Qe1 dxe4 11. dxe4 Rd8 12. Rd1 b6 13. Rf2 Ba6 14. h3 Ne8
15. g3 Nd6 16. b3 Rac8 17. a3 Nb5 18. Nxb5 Qxb5 19. a4 Qe8 20. c4 Bb7 21. g4 {
(=)} f5 22. exf5 exf5 23. Qe6+ Qf7 24. Qxf7+ Kxf7 25. gxf5 Bxf3 26. Rxf3 Bf6
27. Rff1 {(=)} Rd3 28. Bc1 Bd4+ 29. Kg2 Rxb3 30. Rfe1 Re8 31. Rxe8 Kxe8 32.
Re1+ Kf7 33. Re6 Rb4 34. Rc6 Rxc4 35. Rc7+ Kf6 36. Rxa7 Rxc1 37. Rb7 c4 {#R}
0-1

[Event "20th Hampstead Congress: U2200"]
[Site "London, England"]
[Date "2014.07.19"]
[Round "3"]
[White "Nayak, Raghav"]
[Black "Bynnersley, Anthony"]
[Result "1-0"]
[WhiteElo "1630"]
[BlackElo "1551"]

1. e4 c5 2. Nc3 Nc6 3. f4 d6 4. Nf3 Qc7 5. Bc4 e6 6. O-O Nf6 7. d3 a6 8. a4
Be7 9. Qe1 O-O 10. h3 Nd7 11. f5 Nb6 12. g4 Nxc4 13. dxc4 Bf6 14. Kh1 Bxc3 15.
Qxc3 Bd7 16. f6 e5 17. fxg7 Rfe8 18. Ng5 Be6 19. Qg3 h6 20. Qh4 Kxg7 21. Nxf7
Bxf7 22. Bxh6+ {#r} 1-0

[Event "20th Hampstead Congress: U2200"]
[Site "London, England"]
[Date "2014.07.19"]
[Round "3"]
[White "Wen, Jessica"]
[Black "Mospan, Edward"]
[Result "1-0"]
[WhiteElo "1598"]
[BlackElo "1335"]

1. e4 e5 2. Nf3 Nc6 3. Bc4 Bc5 4. c3 a6 5. Bb3 Nf6 6. d3 O-O 7. Nbd2 d6 8. h3
Be6 9. Bc2 Nh5 10. Nxe5 Nf4 11. Nxc6 bxc6 12. Qf3 Ng6 13. d4 Ba7 14. O-O d5
15. Re1 Qd7 16. Qg3 Rae8 17. e5 c5 18. Nf3 f5 19. exf6 Rxf6 20. Bg5 Rff8 21.
Bxg6 hxg6 22. Bf4 Bb8 23. dxc5 c6 24. Bxb8 Rxb8 25. b4 Qf7 26. Ng5 Qf4 27.
Qxf4 Rxf4 28. Rxe6 Rbf8 29. Nf3 g5 30. Rg6 R4f5 31. Rxg5 Rf4 32. Rg6 Rc8 33.
Re1 Rc4 34. Re3 Kh7 35. Rge6 Rf4 36. Nd4 Rcf8 37. f3 R4f6 38. Nxc6 Rf5 39. Nd4
Rg5 40. Rxa6 Rb8 41. b5 g6 42. c6 Kh6 43. c7 Rc8 44. b6 {#r} 1-0

[Event "20th Hampstead Congress: U2200"]
[Site "London, England"]
[Date "2014.07.19"]
[Round "4"]
[White "Davison, Christopher"]
[Black "Haribalu, V."]
[Result "1/2-1/2"]
[WhiteElo "1919"]
[BlackElo "2176"]

1. e4 c5 2. Nf3 e6 3. d4 cxd4 4. Nxd4 a6 5. Bd3 Nf6 6. Nc3 Qc7 7. O-O Nc6 8.
Be3 Bb4 9. Qe2 Ne5 10. Bd2 Neg4 11. Nf3 Bd6 12. h3 h5 13. Rfe1 Bc5 14. Rf1 Bd6
15. Rfe1 Bc5 16. Rf1 Bd6 17. Rfe1 {(=)} Bc5 18. Rf1 {#d} 1/2-1/2

[Event "20th Hampstead Congress: U2200"]
[Site "London, England"]
[Date "2014.07.19"]
[Round "4"]
[White "Madynski, Pawel"]
[Black "Krzyzanowski, Patryk"]
[Result "1-0"]
[WhiteElo "2086"]
[BlackElo "2006"]

1. Nc3 c5 2. e4 g6 3. f4 Bg7 4. Nf3 Nf6 5. e5 Nh5 6. d4 cxd4 7. Nxd4 f5 8.
Nxf5 O-O 9. Nxg7 Kxg7 10. g3 Kh8 11. Be3 Nc6 12. Qd2 Ng7 13. O-O-O Nf5 14. Bf2
Qa5 15. Bc4 a6 16. Bb3 b5 17. h4 Ng7 18. Qe2 e6 19. h5 gxh5 20. Rxh5 Nxh5 21.
Qxh5 Rg8 22. Ne4 Qd8 23. Bxe6 Qe8 24. Bf7 Qf8 25. Bxg8 Qxg8 26. Rh1 Bb7 27.
Nf6 {#r} 1-0